|
|
|
|
| LEADER |
00741cam a2200205 7i4500 |
| 001 |
0000077252 |
| 005 |
20100908090000.0 |
| 008 |
091215s1997 my 0 eng |
| 020 |
# |
0 |
|a 9676107980
|
| 020 |
# |
0 |
|a 9789676107985
|
| 090 |
0 |
0 |
|a JQ 1062 .A58
|b S3 1997
|
| 100 |
1 |
# |
|a Sabitha Marican
|
| 245 |
1 |
0 |
|a Dasar awam di Malaysia :
|b isu dan konsep
|c Sabitha Marican.
|
| 260 |
# |
# |
|a Kuala Lumpur:
|b Utusan Publications & Distributors Sdn. Bhd.,
|c 1997.
|
| 300 |
# |
# |
|a 213 p.:
|b ill.;
|c 22 cm..
|
| 504 |
0 |
0 |
|a Includes bibliographical reference and index
|
| 650 |
0 |
0 |
|a Malaysia --
|x Politics and government
|
| 650 |
0 |
0 |
|a Policy sciences
|
| 999 |
|
|
|a 1100077748
|b Book
|c Open Shelf
|e KOLEKSI TERBUKA
|
| 999 |
|
|
|a 1100070409
|b Book
|c Open Shelf
|e KOLEKSI TERBUKA
|